The ornamental fish trade production and commerce of ornamental fish : Technical-managerial and legislative aspects
This book introduce statistical data, the value chain, technical aspects, regulations, bibliography, specialist journals.
Sparad:
| Huvudupphovsman: | |
|---|---|
| Materialtyp: | Bok |
| Språk: | Undetermined |
| Publicerad: |
Rome
Food and Agriculture Organization of the United Nations
2010
|
| Ämnen: | |
| Taggar: |
Lägg till en tagg
Inga taggar, Lägg till första taggen!
|
| Thư viện lưu trữ: | Trung tâm Học liệu Trường Đại học Cần Thơ |
|---|
| LEADER | 00809nam a2200217Ia 4500 | ||
|---|---|---|---|
| 001 | CTU_230186 | ||
| 008 | 210402s9999 xx 000 0 und d | ||
| 082 | |a 639.375 | ||
| 082 | |b M791 | ||
| 100 | |a Monticini, Pierluigi | ||
| 245 | 4 | |a The ornamental fish trade production and commerce of ornamental fish : | |
| 245 | 0 | |b Technical-managerial and legislative aspects | |
| 245 | 0 | |c Pierluigi Monticini | |
| 260 | |a Rome | ||
| 260 | |b Food and Agriculture Organization of the United Nations | ||
| 260 | |c 2010 | ||
| 520 | |a This book introduce statistical data, the value chain, technical aspects, regulations, bibliography, specialist journals. | ||
| 650 | |a Bệnh cá,Fish diseases | ||
| 650 | |x Cẩm nang,Handbooks | ||
| 910 | |b dqhieu | ||
| 980 | |a Trung tâm Học liệu Trường Đại học Cần Thơ | ||